3208-智頭町(鳥取県)の駅 - Statistics

General Stats
  • This quiz has been taken 6 times
  • The average score is 3 of 5
Answer Stats
Answer % Correct
智頭
100%
那岐
67%
恋山形
67%
土師
50%
山郷
50%
No matching quizzes found
Score Distribution
Percent of People with Each Score
Percentile by Number Answered
Your Score History
You have not taken this quiz